00551 2200193 4500001002100000008004100021035002000062245005000082100001500132260004300147300003200190020002200222084001700244520002500261082001100286650003600297990001200333990001200345INLIS000000000015338 ind  a0010-1222000417 aPantang Menyerah Mengasuh Asih ABKcDian Nafi aDIAN, Nafi aYogyakarta :bRelasi Inti Media,c2022 aviii, 65 hal.: ilus.c20 cm a978-602-9434-41-5 a371.94 DIA p aBibliografi : hal.65 a371.94 aPENDIDIKAN. BERKEBUTUHAN KHUSUS a10049 a a10049 b